000
00266nam a2200133Ia 4500
008
231017s9999 xx 000 0 und d
082
_a
628.24
082
_b
CON
245
0
_a
Concrete pipe
245
0
_c
ACPA
260
_b
ACPA
300
_c
30cm
942
_c
REP
999
_c
606472
_d
606472